00348nam a22001337a 4500003000400000008004100004020001800045082001500063100002700078245006500105250001100170260002500181300000800206OSt240410b |||||||| |||| 00| 0 eng d a9789389847846 a005.74 NAD aNARAYANAN,Vishwanathan aDat Science and Machine Learning Interview Questions Using R a1st Ed aNew DelhibBPBc2023 a120